000 00303nam a2200133 i 4500
001 bg
100 1 _aKOLMAN, R.
245 0 _aSterowanie jakością wytwarzania /
_cR. Kolman.
260 _aGdańsk,
_c1986.
040 _cBPK
041 _apol
942 _cKS
008 s pl f |000 0 pol
999 _c3622
_d3622
856 _uhttp://koha.tu.koszalin.pl/cgi-bin/koha/opac-detail.pl?biblionumber=3622
_yKatalog online BPK